Language Quiz

Random Language Quiz

Notts Year 4 - Semester 2 (1) Quiz Stats

 Plays Quiz not verified by Sporcle

Challenge
Share
Tweet
Embed
Score 0/79 Timer 15:00
0 Plays Today
Hint Answer % Correct
'strong man' ie. politically speakinghomme fort
87.1%
cartoncartouche
85.5%
financial crisisla crise
85.5%
to lean onappuyer sur
83.9%
benchun banc
82.3%
to gossippapoter
82.3%
cargola cargaison
80.6%
to sipsiroter
80.6%
to shout out/shout acrossinterpeller
80.6%
to stand (in a political election)se présenter
80.6%
drop/fallla chute
79%
to nicknamesurnommer
79%
from bottom to topde fond en comble
77.4%
to turn a blind eyefermer les yeux
77.4%
an executiveun cadre
77.4%
to vanish/disappear into thin airs'évaporer dans la nature
75.8%
penniless/strugglingdésargenté
75.8%
cateringtraiteur
75.8%
hub/hotspotun plaque tournante
74.2%
by the dozenà la pelle
74.2%
a price that can't be beatenun prix défiant toute concurrence
72.6%
in bad weather conditionspar mauvais temps
72.6%
breezeune brise
72.6%
to supplyapprovisionner
71%
a reportun compte rendu
71%
desolate/sadnesschagrin
69.4%
an omenun augure
69.4%
to keep a low profileraser les murs
69.4%
licensed/official tobacconistdébitant de tabac
67.7%
dying/half deadmoribond
67.7%
in freefallen chute libre
67.7%
to have lots ofen avoir à la pelle
66.1%
a batchune fournée
66.1%
fizzy watereau pétillante
66.1%
unbearableinsupportable
66.1%
food (slang)la bouffe
66.1%
civil servantune fonctionnaire
64.5%
to leap/rush/hurryse précipiter
64.5%
'pureblood'de souche
64.5%
to allegeprétendre
64.5%
Hint Answer % Correct
to have one's work cut outavoir du pain sur la planche
61.3%
to fear thatredouter que
61.3%
to castrateémasculer
61.3%
within an inch ofà deux doigts de
59.7%
bottom endbas de gamme
59.7%
idle/unoccupieddésoeuvré
58.1%
likewise/dittoidem
58.1%
faltering/shakychancelant
56.5%
a building siteune chantier
56.5%
a turnun virage
56.5%
a gamble/bet/wagerun pari
54.8%
shifty/shadylouche
54.8%
wingsles coulisses
54.8%
to forbid todéfendre à
53.2%
encourage someone to do somethingpousser à faire
51.6%
to put onenfiler
50%
to sufferdérouiller
48.4%
guestsles convives
48.4%
in rapid successionen rafale
46.8%
to jostle for position/elbow your way throughjouer les coudes
46.8%
breadthampleur
46.8%
phoney/falsebidon
45.2%
shareholdersles actionnaires
45.2%
wrongdoing/harmun méfait
45.2%
attractive/temptingalléchant
43.5%
'flash in the pan'feu de paille
41.9%
hide away/stashplanquer
41.9%
to trickfeinter
41.9%
to tumble/crash downdégringoler
40.3%
to back it upà l'appui
40.3%
spearheadle fer de lance
40.3%
backwardsà reculons
38.7%
virtues/features/assetsles atouts
38.7%
a trek/journeyun périple
35.5%
a trick/ruseune entourloupe
35.5%
listed on the stock exchangecoté en bourse
35.5%
to stun/alarm/frighteneffarer
35.5%
to do something reluctantlyfaire qqch à reculons
35.5%
damagele dégât
25.8%

You're not logged in!

Compare scores with friends on all Sporcle quizzes.
Join for Free
OR
Log In

You Might Also Like...

Show Comments

Extras

Created May 1, 2017ReportNominate
Tags:semester

Top Quizzes Today


Score Distribution

Your Account Isn't Verified!

In order to create a playlist on Sporcle, you need to verify the email address you used during registration. Go to your Sporcle Settings to finish the process.

Report this User

Report this user for behavior that violates our Community Guidelines.

Details: